LEADER 01166nam a2200325 i 4500 001 991000623349707536 008 041115s2004 riua b 000 0 eng d 020 $a0821833049 035 $ab13248376-39ule_inst 040 $aDip.to Matematica$beng 041 1 $aeng$hfre 082 0 $a510$221 084 $aAMS 01A05 084 $aAMS 11-01 084 $aAMS 51-01 084 $aLC QA93.G5813 100 1 $aGodefroy, Gilles$060179 240 10$aAventure des nombres.$lEnglish$928303 245 14$aThe adventure of numbers /$cGilles Godefroy ; translated by Leslie Kay 260 $aProvidence, R. I. :$bAmerican Mathematical Society,$cc2004 300 $aix, 194 p. :$bill. ;$c26 cm 440 0$aMathematical world,$x1055-9426 ;$v21 504 $aIncludes bibliographical references (p. 193-194) 650 0$aMathematics$xPopular works 907 $a.b13248376$b21-09-06$c15-11-04 912 $a991000623349707536 945 $aLE013 01A GOD11 (2004)$g1$i2013000148878$lle013$op$pE30.06$q-$rl$s- $t0$u0$v0$w0$x0$y.i13949111$z26-11-04 996 $aAventure des nombres$928303 997 $aUNISALENTO 998 $ale013$b15-11-04$cm$da $e-$feng$griu$h4$i0 LEADER 02277nam 2200553z- 450 001 9910557541603321 005 20211118 035 $a(CKB)5400000000044191 035 $a(oapen)https://directory.doabooks.org/handle/20.500.12854/73698 035 $a(oapen)doab73698 035 $a(EXLCZ)995400000000044191 100 $a20202111d2020 |y 0 101 0 $aeng 135 $aurmn|---annan 181 $ctxt$2rdacontent 182 $cc$2rdamedia 183 $acr$2rdacarrier 200 00$aAutophagy and Related Transcription Factors in Liver and Gut Diseases 210 $cFrontiers Media SA$d2020 215 $a1 online resource (109 p.) 311 08$a2-88963-546-5 330 $aThis eBook is a collection of articles from a Frontiers Research Topic. Frontiers Research Topics are very popular trademarks of the Frontiers Journals Series: they are collections of at least ten articles, all centered on a particular subject. With their unique mix of varied contributions from Original Research to Review Articles, Frontiers Research Topics unify the most influential researchers, the latest key findings and historical advances in a hot research area! Find out more on how to host your own Frontiers Research Topic or contribute to one as an author by contacting the Frontiers Editorial Office: frontiersin.org/about/contact 606 $aPharmacology$2bicssc 606 $aScience: general issues$2bicssc 610 $aAutophagy 610 $aDiseases 610 $aGut 610 $aLipophagy 610 $aLiver 615 7$aPharmacology 615 7$aScience: general issues 700 $aEid$b Nabil$4edt$01322361 702 $aThomes$b Paul$4edt 702 $aMenon$b Manoj B$4edt 702 $aZeng$b Tao$4edt 702 $aRaimundo$b Nuno$4edt 702 $aFernandez-Checa$b Jose C$4edt 702 $aWang$b Lin$4edt 702 $aEid$b Nabil$4oth 702 $aThomes$b Paul$4oth 702 $aMenon$b Manoj B$4oth 702 $aZeng$b Tao$4oth 702 $aRaimundo$b Nuno$4oth 702 $aFernandez-Checa$b Jose C$4oth 702 $aWang$b Lin$4oth 906 $aBOOK 912 $a9910557541603321 996 $aAutophagy and Related Transcription Factors in Liver and Gut Diseases$93034909 997 $aUNINA